| 000 | 00429nam a22001577a 4500 | ||
|---|---|---|---|
| 005 | 20231114090705.0 | ||
| 008 | 231114b |||||||| |||| 00| 0 eng d | ||
| 041 | _aEnglish / Afrikaans | ||
| 082 | _a345 GUI | ||
| 100 | _lEnglish / Affrikaans | ||
| 245 | _aGuide Attorneys' Services | ||
| 260 | _c1987/88 | ||
| 300 |
_b24 pages ; _c30,5 cm. |
||
| 650 |
_aLegal practice _bLaw |
||
| 942 |
_cBK _6ALISON_BN_VRIES |
||
| 999 |
_c612 _d612 |
||